banner koha

Uso de ferro dextrano e acesso controlado e livre à terra no desempenho e prevenção da anemia ferropriva dos leitões (Registro n. 191947)

MARC details
000 -LÍDER
campo de controle de tamanho fixo 00926nas a2200289 4500
001 - NÚMERO DE CONTROLE
campo de controle BR0706850
003 - IDENTIFICADOR DO NÚMERO DE CONTROLE
campo de controle BR-BrBNA
005 - DATA E HORÁRIO DA ÚLTIMA TRANSAÇÃO
campo de controle 20231205111314.0
007 - CAMPO FIXO DE DESCRIÇÃO FÍSICA--INFORMAÇÃO GERAL
campo de controle de tamanho fixo ta
008 - CAMPO DE DADOS FIXOS--INFORMAÇÃO GERAL
campo de controle de tamanho fixo 230509b bl.|||p| |||| 00| 00por d
040 ## - FONTE DA CATALOGAÇÃO
Instituição da catalogação original BR-BrBNA
Idioma da catalogação por
Instituição que transcreveu o registro Biblioteca Nacional de Agricultura
041 ## - CÓDIGO DE IDIOMA
Código do idioma do texto/trilha sonora ou título diferente (Pt)
072 ## - CÓDIGO DE CATEGORIA DE ASSUNTO
Código de Categoria de Assunto L40; L74
100 1# - ENTRADA PRINCIPAL--NOME PESSOAL
Nome pessoal Nunes, R. da C.
100 1# - ENTRADA PRINCIPAL--NOME PESSOAL
Nome pessoal Bandeira, M.N.
100 1# - ENTRADA PRINCIPAL--NOME PESSOAL
Nome pessoal Thomé, W.U.
100 1# - ENTRADA PRINCIPAL--NOME PESSOAL
Nome pessoal Conceição, M.
100 1# - ENTRADA PRINCIPAL--NOME PESSOAL
Nome pessoal Vieira, D.
245 1# - TÍTULO
Título Uso de ferro dextrano e acesso controlado e livre à terra no desempenho e prevenção da anemia ferropriva dos leitões
650 ## - ASSUNTO--TERMO TÓPICO
Cabeçalho tópico ou nome geográfico ANEMIA
650 ## - ASSUNTO--TERMO TÓPICO
Cabeçalho tópico ou nome geográfico SANGUE
650 ## - ASSUNTO--TERMO TÓPICO
Cabeçalho tópico ou nome geográfico FERRO
650 ## - ASSUNTO--TERMO TÓPICO
Cabeçalho tópico ou nome geográfico LEITÃO
773 0# - ENTRADA ANALÍTICA
Título Anais da Escola de Agronomia e Veterinária - Universidade Federal de Goiás (Brazil)
ISSN - International Standard Serial Number ISSN 0100-218X
Partes relacionadas (Jan-Jun 1997), v. 27(1) p. 49-55
Número de controle do registro BR0706850
909 ## -
-- 202311
-- Lúcia
-- 55
-- Lúcia Elande
942 ## - ELEMENTOS DE ENTRADA ADICIONADOS (KOHA)
Fonte da classificação ou esquema de arquivamento na estante Classificação AGRIS
Ocultar no OPAC Não
Tipo de material Koha Analítica
Exemplares
Situação do descarte Fonte da classificação ou esquema de arquivamento na estante Situação física Não pode ser emprestado Biblioteca de origem Biblioteca atual Localização na estante Enumeração do periódico / cronologia Total de empréstimos Data de último acesso Número do exemplar Tipo de material Koha Fonte de aquisição
  Classificação AGRIS   Consulta local Biblioteca Nacional de Agricultura - Binagri Biblioteca Nacional de Agricultura - Binagri   (Jan-Jun 1997), v. 27(1) p. 49-55   29/11/2023 01 Periódicos Portaria Interministerial nº 164/94

BINAGRI

Telefone: (61)3218-2567/2388/3357/2097 - binagri@agro.gov.br

Ministério da Agricultura e Pecuária , Esplanada dos Ministérios, Bloco D, Anexo B, Brasília/DF, CEP: 70.043-900